000 00418nam a2200181Ia 4500
005 20250603145959.0
008 250603s9999 xx 000 0 und d
020 _a978194243971
050 _aPZ 7 .F58 T78/
100 _aFitzgerald, Donatella
245 0 _aTrue heroes of sport
260 _aOxford
260 _bOxford Universty Press
260 _c2002
300 _a44 p
650 _aOxford
942 _cBK
999 _c43417
_d43417